les 20 plus grands pays du monde - Statistiques

Statistiques générales
  • Ce quiz a été pris 130 fois
  • Le résultat moyen est 13 sur 20
Statistiques - réponses
habitants PAYS % Correct
143 MILIONS RUSSIE
97%
1413 MILIONS CHINE
96%
1476 MILIONS INDE
96%
348MILIONS USA
94%
213 MILIONS BRESIL
90%
83 MILIONS ALLEMAGNE
84%
122 MILIONS JAPON
80%
132 MILIONS MEXIQUE
79%
287MILIONS INDONESIE
69%
115 MILIONS RD CONGO
68%
258 MILIONS PAKISTAN
65%
177 MILIONS BANGLADESH
58%
93 MILIONS IRAN
58%
87 MILIONS TURQUIE
56%
119 MILIONS EGYPTE
55%
241 MILIONS NIGERIA
54%
102 MILIONS VIET NAM
43%
137 MILIONS ETHIOPIE
41%
71 MILIONS TANZANIE
22%
117 MILIONS PHILIPINES
11%
Aucun quiz correspondant
Distribution des résultats
% des personnes avec chaque résultat
Percentile par nombre de réponses
Votre historique - résultats
Vous n’avez pas pris ce quiz